Haciendas, pueblos y comunidades : Los valles de Mexico y Toluca entre 1530 y 1916 / (Record no. 86735)

MARC details
000 -LEADER
fixed length control field 00721cam a2200217 4500
008 - FIXED-LENGTH DATA ELEMENTS--GENERAL INFORMATION
fixed length control field 19911991 spa
020 ## - INTERNATIONAL STANDARD BOOK NUMBER
International Standard Book Number 9682929865
245 10 - TITLE STATEMENT
Title Haciendas, pueblos y comunidades : Los valles de Mexico y Toluca entre 1530 y 1916 /
Statement of responsibility, etc Manuel Miño Grijalba compilador.
260 ## - PUBLICATION, DISTRIBUTION, ETC. (IMPRINT)
Place of publication, distribution, etc México :
Name of publisher, distributor, etc CONACULTA,
Date of publication, distribution, etc c1991
300 ## - PHYSICAL DESCRIPTION
Extent 343 p. ;
Dimensions 21 cm.
440 #0 - SERIES STATEMENT/ADDED ENTRY--TITLE
Title Regiones
500 ## - GENERAL NOTE
General note 4 ejemplares
504 ## - BIBLIOGRAPHY, ETC. NOTE
Bibliography, etc Incluye bibliografia
651 #4 - SUBJECT ADDED ENTRY--GEOGRAPHIC NAME
Geographic name México (Estado)
General subdivision Historia
Chronological subdivision 1531-1916
651 #4 - SUBJECT ADDED ENTRY--GEOGRAPHIC NAME
Geographic name Toluca, México (Estado)
General subdivision Historia
Chronological subdivision 1530-1916
700 1# - ADDED ENTRY--PERSONAL NAME
Personal name Miño Grijalvo, Manuel, comp.
942 ## - ADDED ENTRY ELEMENTS (KOHA)
Source of classification or shelving scheme Biblioteca del Cogreso de los Estados Unidos
Koha item type Libro
Holdings
Estado de pérdida Fuente de clasificación Estado del daño No para préstamo Ubicación permanente Ubicación actual Apartado o colección Fecha de adquisición Edición Dependencia de educación superior (DES) Área del conocimiento Clasificación Código de Barras Date last seen Número de copia Tipo de recurso Costo por reposición
  Biblioteca del Cogreso de los Estados Unidos     Biblioteca del Instituto de Investigaciones Históricas Biblioteca del Instituto de Investigaciones Históricas General 30/04/2018 1a ed. Humanidades Ciencias Sociales y Administrativas F1301 .5 H33 1991 IIH000020431 30/04/2018 C:1 Libro  
  Biblioteca del Cogreso de los Estados Unidos     Biblioteca del Instituto de Investigaciones Históricas Biblioteca del Instituto de Investigaciones Históricas General 30/04/2018 1a ed. Humanidades Ciencias Sociales y Administrativas F1301.5 H33 1991 IIH000020432 30/04/2018 3 Libro 1.00
  Biblioteca del Cogreso de los Estados Unidos     Biblioteca del Instituto de Investigaciones Históricas Biblioteca del Instituto de Investigaciones Históricas General 30/04/2018 1a ed. Humanidades Ciencias Sociales y Administrativas F1301 .5 H33 1991 IIH000020433 30/04/2018 C:2 Libro